000 00664nam a22002297a 4500
003 UA-OsUOA
001 77252
007 ta
008 20110906b un ||||| |||| 00| 0 ukr d
100 _aФедорова Е.
700 _aБезрук О.
090 _a330
_bФ33
942 _cSA
040 _aUA-OsUOA
_brus
_cUA-OsUOA
_dUA-OsUOA
245 _aАнализ и оценка каналов распостранения финансовых кризисов на развивающехся рынках
300 _aС.120-129
955 _a0
041 _arus
080 _a330
773 0 _w77251
650 7 _a330 Економіка взагалі
_2UDC
999 _c363561
_d363561